000
00322nam a2200133Ia 4500
008
150201s2014 xx 000 0 und d
082
_a
617.643
_b
O2011S
100
_a
S.GOWRI SHANKAR
245
_a
TEXTBOOK OF ORTHODONTICS
250
_a
1ST
260
_b
PARAS PUBLICATION
650
_a
ORTHODONTICS
942
_2
ddc
_c
BK
_0
66
999
_c
4838
_d
4838